000 01019nam a2200325 a 4500
001 000116011
003 CHAP
005 20220329144557.0
008 190828s2014 mx |r| ||||p|spa d
010 _a112472
011 _a113444
020 _a9786079619725
040 _cCHAP
082 0 4 _a861
_bR17fl
100 1 _aRamos, Raymundo.
_9136686
245 1 0 _aFloresta 100 :
_bel jardín de los pensamientos /
_cpor Raymundo Ramos., editado por Frida Varinia Koprivitza y Alfredo Castro Mondragón.
260 _aMorelos :
_bQuadrivium,
_c2014.
300 _a60 p.
490 _aCeremonias inéditas
590 _aE5765TAJ
_b05
_c20190828
_lUCH01
_h0957
590 _aE5765TAJ
_b05
_c20190828
_lUCH01
_h1002
590 _aE5765TAJ
_b05
_c20190828
_lUCH01
_h1010
650 1 4 _aPoesía mexicana.
_990146
700 1 _aCastro Mondragón, Alfredo
_eed.
_9136456
700 1 _aRamos Koprivitza, Frida Varinia
_eed.
_9136661
830 0 _aCeremonias inéditas
_9136719
901 _aBK
942 _cLIBRO
942 _n0
999 _c112472
_d112472